000 00703cas a22001935a 4500
001 L138063
008 070515c1992 xxkbr p 0 a0eng u
035 _a(Sirsi) u138063
041 0 _aeng
110 2 _aRoyal Institution of Chartered Surveyors
_bBedfordshire and Hertfordshire Branch
_95186
245 0 0 _aChartered Surveyor Locally
_bThe Periodical for the Beds and Herts Branch of the Royal Institution of Chartered Surveyors
260 _aS.l.
_bRICS
_c[199?]-
362 0 _a(7) November/December 1993-(12) November/December 1994
554 _aSix per year
651 4 _aBEDFORDSHIRE
651 4 _aHERTFORDSHIRE
690 _aMANAGEMENT-BUSINESS MANAGEMENT-PROFESSIONAL PRACTICE
942 _n0
999 _c118934
_d118934